000 00571nam a2200193Ia 4500
003 IN-BaIIA
008 211028s9999 xx 000 0 eng d
020 _a0-08-029147-3
040 _cIIA Library
080 _a53
_bGIN
100 _aGinzburg, V. L.
_94051
245 0 _aWaynflete lectures on physics
_cV. L. Ginzburg
260 _aOxford
_bPergamon Press
_c1983
300 _avi, 130p.
490 _aInternational series in natural philosophy; v. 106
650 _aNASA Thesaurus
650 _aPhysics
_973
942 _cBK
999 _c7897
_d7897